| 000 | 00609cam a2200229Ia 4500 | ||
|---|---|---|---|
| 001 | 93785 | ||
| 005 | 20230410102148.0 | ||
| 008 | 941012s1998 dr 000 0 spa d | ||
| 035 | _a(OCoLC)ocm31273121 | ||
| 040 |
_aNYP _cNYP |
||
| 035 | _a(OCoLC)31273121 | ||
| 050 | 1 | 4 |
_a118 PQ 7409 _bF363n 1998 |
| 100 | 1 | _aFernández G., Lily. | |
| 245 | 1 | 0 |
_aNueva forma de vivir / _cLily Fernández G. |
| 260 |
_aSanto Domingo : _bTaller, _c1998. |
||
| 300 |
_a59 p. ; _c23 cm. |
||
| 650 | 0 | _aDominican literature. | |
| 650 | 4 | _aLiteratura dominicana. | |
| 942 |
_2lcc _cbk |
||
| 946 | _aPP | ||
| 994 |
_aC0 _bDRFGD |
||
| 999 |
_c20245 _d20245 |
||